Central Library OPAC University of Rajshahi

Exploration of the universe / (Record no. 70429)

MARC details
000 -LEADER
fixed length control field 00956nam a2200301 a 4500
001 - CONTROL NUMBER
control field 70429
003 - CONTROL NUMBER IDENTIFIER
rucl marc code BD-RjUL
005 - DATE AND TIME OF LATEST TRANSACTION
control field 20211209082010.0
008 - FIXED-LENGTH DATA ELEMENTS--GENERAL INFORMATION
fixed length control field 170417s1987 pauaf b 001 0 eng
020 ## - INTERNATIONAL STANDARD BOOK NUMBER
International Standard Book Number 0030051436
035 ## - SYSTEM CONTROL NUMBER
System control number (BD-RjUL)70643
040 ## - CATALOGING SOURCE
Original cataloging agency DLC
Transcribing agency DLC
Modifying agency BD-RjUL
Language of cataloging eng
041 ## - LANGUAGE CODE
Language code of text/sound track or separate title eng
082 00 - DEWEY DECIMAL CLASSIFICATION NUMBER
Classification number 520
Edition number 23
Author mark and year ABE 1987
100 1# - MAIN ENTRY--PERSONAL NAME
Personal name Abell, George O.
Fuller form of name (George Ogden),
Dates associated with a name 1927-1983.
9 (RLIN) 208505
245 10 - TITLE STATEMENT
Title Exploration of the universe /
Statement of responsibility, etc. George O. Abell, David Morrison, Sidney C. Wolff.
250 ## - EDITION STATEMENT
Edition statement 5th ed.
260 ## - PUBLICATION, DISTRIBUTION, ETC. (IMPRINT)
Place of publication, distribution, etc. Philadelphia :
Name of publisher, distributor, etc. Saunders College Pub.,
Date of publication, distribution, etc. c1987.
300 ## - PHYSICAL DESCRIPTION
Pagination x, 748 p. :
Illustrations ill. ;
Size 26 cm.
490 0# - SERIES STATEMENT
Series statement Saunders golden sunburst series
504 ## - BIBLIOGRAPHY, ETC. NOTE
Bibliography, etc Includes index and bibliography
650 #0 - SUBJECT ADDED ENTRY--TOPICAL TERM
Topical term or geographic name as entry element Astronomy.
9 (RLIN) 208506
700 1# - ADDED ENTRY--PERSONAL NAME
Personal name Morrison, David,
Dates associated with a name 1940-
Personal name Wolff, Sidney C.
830 ## - SERIES ADDED ENTRY--UNIFORM TITLE
Uniform title Saunders golden sunburst series
942 ## - ADDED ENTRY ELEMENTS (KOHA)
Source of classification or shelving scheme Dewey Decimal Classification
Koha item type Books
Holdings
Lost status Source of classification or shelving scheme Damaged status Not for loan Collection code Permanent Location Current Location Shelving location Date acquired Source of acquisition Total Checkouts Full call number Date last seen Copy number Koha item type
  Dewey Decimal Classification   Not For Loan Non-fiction Central Library, University of Rajshahi Central Library, University of Rajshahi Reading Room 07/08/1993 Asia Foundation   520 ABE 1987 17/04/2017 C-1 Books